Análisis FODA del sistema acusatorio. (Registro nro. 36283)

Detalles MARC
000 -LEADER
fixed length control field 00350 a2200109 4500
001 - CONTROL NUMBER
control field ART_61571
005 - DATE AND TIME OF LATEST TRANSACTION
control field 20260410162056.0
008 - FIXED-LENGTH DATA ELEMENTS--GENERAL INFORMATION
fixed length control field 260409a
100 1# - MAIN ENTRY--PERSONAL NAME
Personal name Catalano, Mariana
245 10 - TITLE STATEMENT
Title Análisis FODA del sistema acusatorio.
773 0# - HOST ITEM ENTRY
Title Temas de derecho penal y procesal penal
Related parts - Año 6, N° 2/3 (feb./mar. 2024)
Record control number REV60798

No hay ítems disponibles.